| 000 | 00672nam a22002177a 4500 | ||
|---|---|---|---|
| 999 |
_c5222 _d5222 |
||
| 003 | AR-CdUCM | ||
| 008 | 190312b ||||| |||| 00| 0 spa d | ||
| 040 |
_aMUNICIPALIDAD PROVINCIAL DEL CUSCO _cBIBLIOTECA MUNICIPAL DEL CUSCO |
||
| 082 |
_a371 / _bH55 |
||
| 100 |
_aHernández Urbina, Alfredo _915832 |
||
| 245 |
_aFilosofía de la educación : _bTexto universitario / |
||
| 260 |
_aLima : _bEdiciones Raíz, _c1967. |
||
| 300 |
_a133 paginas ; _c21 cm. |
||
| 500 | _aDonación familia Nieto | ||
| 505 | _aContenido :Lecciones / | ||
| 650 |
_aEducación _9460 |
||
| 650 |
_aFilosofía _9395 |
||
| 650 |
_aMetodología _92264 |
||
| 942 |
_2ddc _cLIBROS |
||
| 945 | _arjall | ||